000 00784nam a2200265Ia 4500
001 Para_4006
003 CHAP
008 220125s1911 xx 000 0 und d
010 _a202489
040 _cCHAP
090 _aPA FOLLETO 1402
100 _aSmith, R. I
_9107105
245 _aTwo important cantaloupe pests /
_c R. I. Smith
260 _aRaleigh, North Carolina :
_b Agricultural Experiment Station
300 _ap. 106-146
440 _aNorth Carolina. Agr. Exp. St. Bull; 214
_9167723
650 _aDiaphania nitidalis Diaphania hyalinata Melón
_x Plagas
_9167724
901 _aPA FOLLETO 1402
902 _aA
905 _a0000001911 RAL 0000000000 00
910 _a1911
942 _cPARA
942 _cPARA
_d1
999 _c202489
_d202489